Zdravotnícke zariadenia a znalostný manažment

Zhodnotenie súčasného stavu aktivít znalostného manažmentu v zdravotníckych zariadeniach na Slovensku, s dôrazom na proces znalostného manažmentu a jeho dynamiku. Znalostný manažment v zdravotníctve. Dotazníkový prieskum zameraný na proces efektívneho uplatňovania znalostného manažmentu, riadenie zn...

Descrizione completa

Salvato in:
Dettagli Bibliografici
Autore principale: Jankelová, Nadežda, 1966-
Altri autori: Moricová, Štefánia, Psota, Ivan
Natura: Capitolo di libro
Lingua:slovacco
Soggetti:
Tags: Aggiungi Tag
Nessun Tag, puoi essere il primo ad aggiungerne!!

MARC

LEADER 00000naa$a2200000$$$4500
001 0266948
005 20240502083800.6
041 0 |a slo 
044 |a CZ 
245 1 0 |a Zdravotnícke zariadenia a znalostný manažment  |c Nadežda Jankelová, Štefánia Moricová, Ivan Psota 
520 |a Zhodnotenie súčasného stavu aktivít znalostného manažmentu v zdravotníckych zariadeniach na Slovensku, s dôrazom na proces znalostného manažmentu a jeho dynamiku. Znalostný manažment v zdravotníctve. Dotazníkový prieskum zameraný na proces efektívneho uplatňovania znalostného manažmentu, riadenie znalostných pracovníkov a spôsoby získavania, zdieľania znalostí v organizáciách. Dotazníky boli distribuované zástupcom manažmentu 29 zdravotníckych zariadení na Slovensku a z hľadiska štruktúry prieskumnú vzorku tvorili z väčšej časti nemocnice s poliklinikou (24) a 5 nemocníc. 
610 2 0 |a zdravotníctvo 
610 2 0 |a zariadenia zdravotnícke 
610 2 0 |a nemocnice 
610 2 0 |a manažment znalostný 
610 2 0 |a riadenie znalostí 
610 2 0 |a ekonomika znalostná 
610 2 0 |a manažment 
610 2 0 |a manažéri 
610 2 0 |a zamestnanci 
610 2 0 |a Slovensko 
100 1 |a Jankelová, Nadežda, 1966- 
700 1 |a Moricová, Štefánia 
700 1 |a Psota, Ivan